=LDR 00000nam 2200000 4500 =001 INLIS000000000024754 =005 20130612123323 =008 ***********************************Ind** =035 ##$$0010-061300000024754 =041 ##$$a Ind =082 ##$$a 618.24 =090 ##$$a 618.24, Moo m =100 ##$$a Moordiningsih =245 ##$$a Memberi rasa aman pada ibu hamil, Moordiningsih, Moordiati, Gayung Kasuma =260 ##$$a 2004 $b Yogyakarta =300 ##$$a 82 hlm, 21 cm =650 ##$$a Layanan Kehamilan dan Persalinan =850 ##$$a NBPNMAT